Juha Tapion Tulihevonen -albumin kappaleet - Statistics

Yleistilastot
  • Tätä visaa on pelattu 19 kertaa
  • Keskiarvotulos 11 / 13
Vastaustilastot
Nro Kappaleet % Oikein
1 Elämänviivat
100%
10 Koska sinä
100%
6 Kukapa ei
100%
13 Mitä siitä
100%
3 Äiti älä itke
83%
11 Älä unohda sua
83%
8 Perhosefekti
83%
2 Puoliksi sun
83%
12 Sä et asu enää meidän kotona
83%
4 Siivet
83%
9 Toisillemme parhaat
83%
7 Maailma vastaan me
67%
5 Sua kannetaan
67%
Ehtoja vastaavia visoja ei löytynyt
Tulosjakauma
Jokaisen tuloksen saaneiden osuus
Persentiili vastausten määrän mukaan
Tuloshistoriasi
Et ole pelannut tätä visaa